Masový hrob na Krtičnej

Bibliographic Details
Main Author: Kováčiková, Katarína (Author)
Format: Article
Language:Slovak
PhysicalDescription:Fotogr.
ISSN:0323-2018
Subjects:

MARC

LEADER 00000nab a2200000 a 4500
001 vtls000781154
003 SK-MaSNL
005 20260302154415.0
008 180409c2001 xo 0 slo
015 |a SNBRB2002/02-04343 
035 |a CLN000132889 
040 |a SNKBUCL  |b slo  |c SNKBUCL  |e AACR2 
041 0 |a slo 
044 |a xo  |c SK 
080 |a 943.76  |x "1944"  |2 1981 
080 |a 940.53  |2 1981 
080 |a 355.48  |x (437.6)  |x "1944"  |2 1981 
100 1 |a Kováčiková, Katarína  |4 aut  |9 278063 
245 1 0 |a Masový hrob na Krtičnej  |c Katarína Kováčiková 
300 |b Fotogr. 
648 7 |a 1944  |2 snkbucl  |9 294704 
648 7 |a 20. stor., 40. r.  |2 snkbucl  |9 771010 
650 0 7 |a Slovenské národné povstanie (1944)  |2 snkbucl  |9 177948 
650 0 7 |a protifašistický odboj  |2 snkbucl  |9 4751 
650 0 7 |a druhá svetová vojna (1939-1945)  |2 snkbucl  |9 169657 
650 0 7 |a masové hroby  |2 snkbucl  |9 851057 
651 7 |a Brezno (Slovensko)  |2 snkbucl  |9 31403 
651 7 |a Krtičná (Slovensko : zaniknutá obec)  |2 SNKPH  |9 238365 
773 0 |t Bojovník  |g Roč. 46, č. 25 (2001), s. 7  |x 0323-2018 
850 |a Slovenská národná knižnica v Martine 
852 |a SNK  |b KIS3GCP 
999 |c 1368372  |d 1370302